000 01100cam a2200289 4500
005 20250226092455.0
008 230519t sp a gr|||| 00| 0 spa|d
020 _a8420538957
050 0 4 _aTX911.3.M3
_bK68 2004
100 1 _aKotler, Philip
240 1 0 _aMarketing for hospitality and tourism
_lEspañol
245 1 0 _aMarketing para turismo
_c / Philip Kotler, John Bowen, James Makens ; traducción Cristina Belló... [et, al.] ; coautores Ramón Rufín Moreno, Ma. Dolores Reina Paz.
250 _a3a ed.
260 _aMadrid :
_bPearson Educación,
_c2004
300 _axviii, 565 p. :
_bil. ;
_c28 cm.
504 _aIncluye bibliografías (referencias), glosario e índice.
650 7 _2lemb
_aTurismo
_xMarketing
650 7 _2lemb
_aHotelería
_xMercadotecnia
700 1 _aBowen, John
_eautor
700 1 _aMakens, James
_eautor
700 1 _aRufín Moreno, Ramón
_ecouator
700 1 _aReina Paz, Ma. Dolores
_ecouatora
700 1 _aBelló, Cristina
_etraductora
700 1 _aBlázquez, Elena
_etraductora
700 1 _aNieto, Raquel
_etraductora
942 _2lcc
_cLIB
999 _c74079
_d74079